000 00969nas a2200265 454500
001 28411
005 20260407193507.0
008 260407s1939####ag###########|||spa#d
003 AR-UNSa-BCEJYS
040 _aAR-UNSa-BCEJYS
_bspa
_cAR-UNSa-BCEJYS
080 _a69
_xMateriales de construcción. Prácticas y procedimientos de construcción
245 1 0 _aRevista Construcciones
022 _a0366-8134
264 1 _aBuenos Aires :
_bCamara Argentina de la Construcción
_c1939
310 _aFrecuencia: Irregular
942 _cSER
590 _aniveau_biblio:s niveau_hierar:1
100 1 _aCamara Argentina de la Construcción
700 1 _aGonzalez Taboada, Marcial
650 _aArquitectura
650 _aMateriales de construcción
650 _aIndustria de la construcción
650 _aObras públicas
856 4 1 _uhttps://biblioeco.unsa.edu.ar/pmb/images/revistas/Construcciones Mayo-Junio-Julio-Agosto de 1984-r13740.jpg
_yImagen de portada
_qimage/jpeg
999 _c8649
_d8649